Представление документа в формате RUSMARC

ПолеНазваниеЗначение
  Тип записи a
  Библиографический уровень m
001 Контрольный номер RU/IS/BASE/397222071
005 Дата корректировки 20201206204834.0
010 Индекс ISBN __
a ISBN 978-5-367-01644-4
d Цена 206-47
101 Язык документа 1_
a Язык текста rus
c Язык оригинала ger
200 Заглавие и сведения об ответственности 1_
a Заглавие Сердце-зверь
e Сведения, относящиеся к заглавию [роман]
f Первые сведения об ответственности Герта Мюллер ; [пер. с нем. Г. В. Снежинская]
b Общее обозначение материала Текст
210 Выходные данные __
a Место издания СПб.
c Издательство Амфора
d Дата издания 2010
215 Физическое описание __
a Объем 254, [2]
225 Серия __
a Серия Нобелевская премия 2009
300 Общие примечания __
a Общие примечания На тит. л.: Goethe-institut
330 Аннотация __
a Аннотация Творчество Герты Мюллер - одно из самых значительных явлений в современной немецкой литературе. В 2009 г. оно было отмечено Нобелевской премией. В этом романе автор повествует о существовании человека в условиях диктатуры, об испытании его страхом и насилием.
606 Тематические рубрики __
a Основная рубрика Художественная литература
606 Тематические рубрики __
a Основная рубрика Литература Европы (произведения)
610 Ключевые слова __
a Ключевые слова зарубежная литература; иностранная литература; немецкая литература; книги-лауреаты; романы; тема судьбы; тема жизни; тема человека; тема диктатуры; тема испытаний
686 Индексы других классификаций __
a Классификационный индекс 84(4Гем)-4
700 Автор _1
a Фамилия Мюллер
b Имя Г.
g Полное личное имя Герта
4 Код отношения 070
702 Вторичная интеллектуальная ответственность _1
a Фамилия Снежинская
b Имя Г. В.
4 Код отношения Переводчик
4 Код отношения 730
801 Источник записи _0
a Страна RU
b Организация Муниципальное бюджетное учреждение культуры "Централизованная библиотечная система" г. Сургут (Центральная городская библиотека им. А. С. Пушкина)
g Правила каталогизации КиК/Лукашук
801 Источник записи _1
a Страна RU
b Организация Муниципальное бюджетное учреждение культуры "Централизованная библиотечная система" г. Сургут (Центральная городская библиотека им. А. С. Пушкина)
g Правила каталогизации КиК/Лукашук
852 Данные о местонахождении __
j Шифр хранения 84(4Гем)-4
i Авторский знак М 98
901 Тип документа __
t Тип документа m
903 Характеристики (МАРС) __
a Дата передачи 20120802
990 Данные о заказе (DOS) __
j Количество экземпляров (DOS) 6
t N записи в КСУ для И/У (DOS) 201208